Countries that do not have an official Indo-European Language - Statistics

General Stats
  • This quiz has been taken 126 times
    104 since last reset
  • The average score is 31 of 37
Answer Stats
Answer % Correct
China
95%
Vietnam
95%
Laos
93%
North Korea
93%
South Korea
93%
Saudi Arabia
92%
Thailand
92%
Yemen
92%
Egypt
90%
Indonesia
90%
Algeria
89%
Cambodia
89%
Mongolia
88%
Morocco
88%
Qatar
88%
Israel
87%
Myanmar
87%
Oman
87%
Bhutan
86%
Turkey
86%
Libya
85%
Syria
85%
United Arab Emirates
85%
Bahrain
83%
Azerbaijan
82%
Lebanon
82%
Somalia
82%
Kuwait
81%
Turkmenistan
81%
Taiwan
80%
Uzbekistan
77%
Georgia
76%
Jordan
76%
Hungary
75%
Estonia
71%
Eritrea
69%
Mauritania
68%
No matching quizzes found
Score Distribution
Percent of People with Each Score
Percentile by Number Answered
Your Score History
You have not taken this quiz since the last reset